Sports Quiz

Random Sports or Basketball Quiz

NBA Top 5 Scorers By 5-Year Period Quiz Stats

 Plays Quiz Updated Apr 13, 2018

Score 0/300 Timer 15:00
30 Plays Today
Period Answer % Correct
2014-19LeBron James
99.4%
2012-17LeBron James
99.2%
2010-15LeBron James
99.2%
2009-14LeBron James
99.2%
2008-13LeBron James
99.2%
2007-12LeBron James
99.2%
2006-11LeBron James
99.2%
2005-10LeBron James
99.2%
2004-09LeBron James
99.2%
2003-08LeBron James
99.2%
2011-16LeBron James
99.1%
2014-19James Harden
99%
2014-19Stephen Curry
98.8%
2014-19Russell Westbrook
98.4%
2012-17Stephen Curry
98.4%
2009-14Kobe Bryant
98.3%
2008-13Kobe Bryant
98.3%
2007-12Kobe Bryant
98.3%
2006-11Kobe Bryant
98.3%
2005-10Kobe Bryant
98.3%
2004-09Kobe Bryant
98.3%
2003-08Kobe Bryant
98.3%
2002-07Kobe Bryant
98.3%
2001-06Kobe Bryant
98.3%
2000-05Kobe Bryant
98.3%
1999-2004Kobe Bryant
98.3%
1998-2003Kobe Bryant
98.3%
2011-16Stephen Curry
98.1%
2012-17Kevin Durant
97.9%
2012-17James Harden
97.9%
2010-15Kevin Durant
97.8%
2009-14Kevin Durant
97.8%
2008-13Kevin Durant
97.8%
2007-12Kevin Durant
97.8%
2011-16Kevin Durant
97.6%
2010-15James Harden
97.2%
2012-17Russell Westbrook
97.2%
2011-16James Harden
97.2%
2011-16Russell Westbrook
96.8%
2010-15Russell Westbrook
96.6%
2010-15Carmelo Anthony
96.4%
2009-14Carmelo Anthony
96.4%
2008-13Carmelo Anthony
96.4%
2006-11Carmelo Anthony
96.4%
2005-10Carmelo Anthony
96.4%
2003-08Carmelo Anthony
96.4%
2008-13Dwyane Wade
96.3%
2007-12Dwyane Wade
96.3%
2006-11Dwyane Wade
96.3%
2005-10Dwyane Wade
96.3%
1968-73Jerry West
96%
1967-72Jerry West
96%
1966-71Jerry West
96%
1965-70Jerry West
96%
1964-69Jerry West
96%
1963-68Jerry West
96%
1962-67Jerry West
96%
1961-66Jerry West
96%
1960-65Jerry West
96%
2014-19Damian Lillard
96%
1994-99Michael Jordan
95.5%
1989-94Michael Jordan
95.5%
1988-93Michael Jordan
95.5%
1987-92Michael Jordan
95.5%
1986-91Michael Jordan
95.5%
1985-90Michael Jordan
95.5%
1984-89Michael Jordan
95.5%
2007-12Dirk Nowitzki
94.8%
2006-11Dirk Nowitzki
94.8%
2005-10Dirk Nowitzki
94.8%
2004-09Dirk Nowitzki
94.8%
2003-08Dirk Nowitzki
94.8%
2002-07Dirk Nowitzki
94.8%
2001-06Dirk Nowitzki
94.8%
2000-05Dirk Nowitzki
94.8%
2004-09Allen Iverson
94.3%
2003-08Allen Iverson
94.3%
2002-07Allen Iverson
94.3%
2001-06Allen Iverson
94.3%
2000-05Allen Iverson
94.3%
1999-2004Allen Iverson
94.3%
1998-2003Allen Iverson
94.3%
1997-2002Allen Iverson
94.3%
1996-2001Allen Iverson
94.3%
1999-2004Shaquille O'Neal
94.3%
1998-2003Shaquille O'Neal
94.3%
1997-2002Shaquille O'Neal
94.3%
1996-2001Shaquille O'Neal
94.3%
1995-2000Shaquille O'Neal
94.3%
1994-99Shaquille O'Neal
94.3%
1993-98Shaquille O'Neal
94.3%
1992-97Shaquille O'Neal
94.3%
1998-2003Karl Malone
91.1%
1997-2002Karl Malone
91.1%
1996-2001Karl Malone
91.1%
1995-2000Karl Malone
91.1%
1994-99Karl Malone
91.1%
1993-98Karl Malone
91.1%
1992-97Karl Malone
91.1%
1991-96Karl Malone
91.1%
Period Answer % Correct
1990-95Karl Malone
91.1%
1989-94Karl Malone
91.1%
1988-93Karl Malone
91.1%
1987-92Karl Malone
91.1%
1986-91Karl Malone
91.1%
1985-90Karl Malone
91.1%
1981-86Moses Malone
90.7%
1979-84Moses Malone
90.7%
1978-83Moses Malone
90.7%
1977-82Moses Malone
90.7%
1980-85Moses Malone
90.7%
1998-2003Tim Duncan
90.6%
1997-2002Tim Duncan
90.6%
2001-06Paul Pierce
89.8%
2000-05Paul Pierce
89.8%
1999-2004Paul Pierce
89.8%
2002-07Kevin Garnett
87.4%
1982-87Larry Bird
85.1%
1983-88Larry Bird
85.1%
1981-86Larry Bird
85.1%
1980-85Larry Bird
85.1%
2002-07Tracy McGrady
82.8%
2001-06Tracy McGrady
82.8%
2000-05Tracy McGrady
82.8%
1999-2004Tracy McGrady
82.8%
1965-70Wilt Chamberlain
82.5%
1964-69Wilt Chamberlain
82.5%
1963-68Wilt Chamberlain
82.5%
1962-67Wilt Chamberlain
82.5%
1961-66Wilt Chamberlain
82.5%
1960-65Wilt Chamberlain
82.5%
1959-64Wilt Chamberlain
82.5%
1958-63Wilt Chamberlain
82.5%
1957-62Wilt Chamberlain
82.5%
1993-98Hakeem Olajuwon
81.6%
1992-97Hakeem Olajuwon
81.6%
1991-96Hakeem Olajuwon
81.6%
1990-95Hakeem Olajuwon
81.6%
1984-89Hakeem Olajuwon
81.6%
1991-96David Robinson
81.4%
1990-95David Robinson
81.4%
1989-94David Robinson
81.4%
1992-97Patrick Ewing
81.3%
1991-96Patrick Ewing
81.3%
1990-95Patrick Ewing
81.3%
1989-94Patrick Ewing
81.3%
1988-93Patrick Ewing
81.3%
1987-92Patrick Ewing
81.3%
1974-79Kareem Abdul-Jabbar
80.4%
1972-77Kareem Abdul-Jabbar
80.4%
1971-76Kareem Abdul-Jabbar
80.4%
1970-75Kareem Abdul-Jabbar
80.4%
1968-73Kareem Abdul-Jabbar
80.4%
1979-84Kareem Abdul-Jabbar
80.4%
1978-83Kareem Abdul-Jabbar
80.4%
1977-82Kareem Abdul-Jabbar
80.4%
1976-81Kareem Abdul-Jabbar
80.4%
1975-80Kareem Abdul-Jabbar
80.4%
1973-78Kareem Abdul-Jabbar
80.4%
1969-74Kareem Abdul-Jabbar
80.4%
1997-2002Gary Payton
76.7%
1996-2001Gary Payton
76.7%
1995-2000Gary Payton
76.7%
1990-95Dominique Wilkins
73.4%
1989-94Dominique Wilkins
73.4%
1988-93Dominique Wilkins
73.4%
1987-92Dominique Wilkins
73.4%
1985-90Dominique Wilkins
73.4%
1983-88Dominique Wilkins
73.4%
1986-91Dominique Wilkins
73.4%
1984-89Dominique Wilkins
73.4%
1982-87Dominique Wilkins
73.4%
2004-09Vince Carter
71.9%
1978-83Julius Erving
67.6%
1977-82Julius Erving
67.6%
1976-81Julius Erving
67.6%
1966-71Oscar Robertson
66.2%
1965-70Oscar Robertson
66.2%
1964-69Oscar Robertson
66.2%
1963-68Oscar Robertson
66.2%
1962-67Oscar Robertson
66.2%
1961-66Oscar Robertson
66.2%
1960-65Oscar Robertson
66.2%
1959-64Oscar Robertson
66.2%
1988-93Charles Barkley
65.3%
1987-92Charles Barkley
65.3%
1986-91Charles Barkley
65.3%
1985-90Charles Barkley
65.3%
1986-91Clyde Drexler
65.2%
2013-18Russell Westbrook
62.8%
2009-14Monta Ellis
61.3%
2013-18Stephen Curry
60.2%
1980-85George Gervin
57.5%
1976-81David Thompson
57.5%
1981-86George Gervin
57.5%
1979-84George Gervin
57.5%
1978-83George Gervin
57.5%
1977-82George Gervin
57.5%
1976-81George Gervin
57.5%
1975-80George Gervin
57.5%
Period Answer % Correct
1984-89Alex English
55.3%
1985-90Alex English
55.3%
1983-88Alex English
55.3%
1982-87Alex English
55.3%
1981-86Alex English
55.3%
1980-85Alex English
55.3%
1979-84Alex English
55.3%
1962-67Elgin Baylor
52.2%
1961-66Elgin Baylor
52.2%
1960-65Elgin Baylor
52.2%
1959-64Elgin Baylor
52.2%
1958-63Elgin Baylor
52.2%
1964-69Elgin Baylor
52.2%
1963-68Elgin Baylor
52.2%
1966-71John Havlicek
51.4%
1970-75John Havlicek
51.4%
1969-74John Havlicek
51.4%
1968-73John Havlicek
51.4%
1967-72John Havlicek
51.4%
1965-70John Havlicek
51.4%
1960-65Bob Pettit
47.8%
1959-64Bob Pettit
47.8%
1958-63Bob Pettit
47.8%
1957-62Bob Pettit
47.8%
1956-61Bob Pettit
47.8%
1955-60Bob Pettit
47.8%
2013-18LeBron James
45.4%
1995-2000Grant Hill
45.2%
1974-79Rick Barry
43.9%
1973-78Rick Barry
43.9%
1972-77Rick Barry
43.9%
1973-78Pete Maravich
42.9%
1972-77Pete Maravich
42.9%
1975-80Elvin Hayes
40.1%
1974-79Elvin Hayes
40.1%
1969-74Elvin Hayes
40.1%
1967-72Elvin Hayes
40.1%
1973-78Elvin Hayes
40.1%
1972-77Elvin Hayes
40.1%
1970-75Elvin Hayes
40.1%
1968-73Elvin Hayes
40.1%
1994-99Glen Rice
39.6%
1993-98Glen Rice
39.6%
1991-96Glen Rice
39.6%
1992-97Glen Rice
39.6%
1973-78Bob McAdoo
39.5%
1975-80Bob McAdoo
39.5%
1974-79Bob McAdoo
39.5%
1972-77Bob McAdoo
39.5%
1995-2000Mitch Richmond
38.9%
1994-99Mitch Richmond
38.9%
1993-98Mitch Richmond
38.9%
1983-88Adrian Dantley
36.3%
1980-85Adrian Dantley
36.3%
1979-84Adrian Dantley
36.3%
1977-82Adrian Dantley
36.3%
1976-81Adrian Dantley
36.3%
2013-18Damian Lillard
34.5%
1996-2001Jerry Stackhouse
34%
2013-18James Harden
33.8%
1974-79Randy Smith
32%
1982-87Mark Aguirre
28.5%
1984-89Mark Aguirre
28.5%
1983-88Mark Aguirre
28.5%
1971-76Nate Archibald
25.6%
1956-61Dolph Schayes
25.6%
1955-60Dolph Schayes
25.6%
1970-75Gail Goodrich
23.9%
1971-76Gail Goodrich
23.9%
1970-75Bob Love
23.8%
1969-74Bob Love
23.9%
1967-72Dave Bing
21%
1966-71Dave Bing
21%
1966-71Hal Greer
20.5%
1965-70Hal Greer
20.5%
1964-69Hal Greer
20.5%
1963-68Hal Greer
20.5%
1971-76Bob Lanier
20.1%
1957-62Paul Arizin
18.5%
1956-61Paul Arizin
18.5%
1955-60Paul Arizin
18.5%
1981-86Kiki Vandeweghe
17.6%
1982-87Kiki Vandeweghe
17.6%
1978-83World B. Free
15.7%
1967-72Billy Cunningham
14.9%
1962-67Walt Bellamy
14.4%
1961-66Walt Bellamy
14.4%
1975-80Paul Westphal
12.1%
1969-74Lou Hudson
11.2%
1968-73Lou Hudson
11.2%
1971-76Spencer Haywood
9.4%
1959-64Jack Twyman
9%
1958-63Jack Twyman
9%
1957-62Jack Twyman
9%
1956-61Jack Twyman
9%
1955-60Jack Twyman
9%
1955-60George Yardley
7.3%
1957-62Cliff Hagan
6.8%
1956-61Cliff Hagan
6.8%
1958-63Richie Guerin
6.2%

You're not logged in!

Compare scores with friends on all Sporcle quizzes.
OR
Log In

Show Comments

Extras

Top Quizzes Today


Score Distribution

Your Account Isn't Verified!

In order to create a playlist on Sporcle, you need to verify the email address you used during registration. Go to your Sporcle Settings to finish the process.

Report this User

Report this user for behavior that violates our Community Guidelines.

Details: